Statistics for Jump Between All World Capitals: Closest Pair Together

Click here to take the quiz!

General Stats

  • This quiz has been taken 361 times
  • The average score is 38 of 98

Answer Stats

D (km)Capital Cities% Correct
4Rome/Vatican City . BK
100%
7Brazzaville/Kinshasa . BV
88%
55Bratislava/Vienna . AJ
85%
71Amman/Jerusalem . PS
79%
78Pristina/Skopje . HT
76%
82Helsinki/Tallinn . BD
72%
84Beirut/Damascus . CK
68%
117Ljubljana/Zagreb . CF
63%
95Castries/Kingstown . BS
62%
95Basseterre/Saint John's . LZ
62%
126Conakry/Freetown . PT
61%
131Podgorica/Tirana . DM
61%
140Doha/Manama . MM
58%
150Maputo/Mbabane . PS
56%
159Bern/Vaduz . BD
54%
173Amsterdam/Brussels . BK
52%
155Port-of-Spain/Saint George's . LP
51%
158Lome/Porto-Novo . BV
51%
176Bujumbura/Kigali . GS
49%
170Tbilisi/Yerevan . MV
49%
166Banjul/Dakar . TY
48%
177Guatemala City/San Salvador . PS
47%
202Buenos Aires/Montevideo . MT
47%
247Port-au-Prince/Santo Domingo . GP
47%
287Luxembourg/Paris . BS
45%
194Pyongyang/Seoul . BS
45%
280Berlin/Prague . LP
45%
172Minsk/Vilnius . AB
44%
198Belgrade/Sarajevo . BM
43%
259Gaborone/Pretoria . BP
43%
296Bucharest/Sofia . LS
42%
346Georgetown/Paramaribo . TV
41%
239Managua/Tegucigalpa . PS
41%
2,330Canberra/Wellington . LS
37%
305Dushanbe/Tashkent . BR
37%
398Harare/Lusaka . CK
37%
368Islamabad/Kabul . HL
36%
417Oslo/Stockholm . DT
36%
303Malabo/Yaounde . DT
35%
309Bridgetown/Roseau . KS
35%
357Tripoli/Valletta . IK
35%
579Accra/Yamoussoukro . AT
33%
463Dublin/London . HV
33%
11,390Port Louis/Port-Vila
33%
415Niamey/Ouagadougou . OS
33%
315Kuala Lumpur/Singapore . GP
33%
303Libreville/Sao Tome . MY
33%
4,329Brasilia/Praia . NT
32%
2,181Palikir/Port Moresby . CW
32%
2,040Dili/Melekeok . PP
32%
1,281Maseru/Windhoek . MV
32%
1,249Honiara/Yaren . MW
32%
732Ottawa/Washington . NS
32%
479Hanoi/Vientiane . AM
32%
494Andorra la Vella/Madrid . KN
32%
744Nuku'alofa/Suva . CM
31%
4,599Naypyidaw/Tokyo . PP
31%
1,148Apia/Funafuti . MT
31%
2,458Lima/Santiago . MR
31%
423Dhaka/Thimphu . DS
31%
687Asmara/Khartoum . BN
31%
405Monaco/San Marino . NO
31%
1,170Beijing/Ulaanbaatar . HY
30%
1,343Mogadishu/Victoria . CK
30%
916Addis Ababa/Juba . AM
30%
503Kampala/Nairobi . PS
30%
561Lisbon/Rabat . AY
29%
3,317Moscow/Reykjavik . BP
29%
728Bogota/Quito . OW
28%
511Panama City/San Jose . AN
28%
440Abu Dhabi/Muscat . DL
28%
766Bamako/Monrovia . KN
28%
888Dodoma/Lilongwe . AN
28%
402Chisinau/Kiev . MS
28%
554Havana/Nassau . LR
28%
689Bissau/Nouakchott . CR
27%
661Majuro/Tarawa . AK
27%
1,527Bandar Seri Begawan/Jakarta . BL
27%
1,363Ashgabat/Baghdad . BJ
27%
545Budapest/Warsaw . HN
27%
954Astana/Bishkek . AS
27%
1,353Caracas/Kingston . AB
26%
533Kuwait City/Riyadh . BT
26%
1,121Belmopan/Mexico City . AF
26%
536Baku/Tehran . BP
26%
920Antananarivo/Moroni . AB
26%
765Colombo/Male . BM
26%
727Copenhagen/Riga . BQ
26%
635Algiers/Tunis . MT
26%
1,157Manila/Taipei . BU
25%
1,574Bangui/Luanda . DM
25%
892Abuja/N'Djamena . AJ
25%
432Djibouti/Sanaa . AM
25%
537Bangkok/Phnom Penh . BW
25%
1,119Athens/Cairo . BM
24%
1,048Asuncion/Sucre . AC
24%
529Ankara/Nicosia . KR
24%
801Kathmandu/New Delhi . DL
24%

Score Distribution

Percentile by Number Answered

Percent of People with Each Score

Your Score History

You have not taken this quiz